000 00605nam a2200169 a 4500
001 000016489
005 20200929164924.0
008 100305s1957 dr a 000 0 spa d
040 _aDO-SdBNP
_bspa
_cBNPHU
082 _axxx
_bS471
111 1 _aSeminario sobre los huracanes del caribe
_d(1956 feb. 16-25 :
_cCiudad Trujillo, República Dominicana)
_936716
245 1 0 _aSeminario sobre los huracanes del Caribe.
260 _aCiudad Trujillo, República Dominicana :
_bLibreria Dominicana,
_c1957.
300 _a409 p. :
_bils ;
_c27 cm.
500 _aIncluye notas al pie de las páginas
049 _aBNPD
999 _c16024
_d16024